000 00389nam a2200169Ia 4500
001 16011
003 IN-NITTTR
005 20251114233151.0
008 251113s9999||||xx |||||||||||||| ||eng||
040 _beng
040 _cIN-NITTTR
041 _aeng
082 _a150 Z66 P
100 _aZimbardo, Philip G.
245 0 _aPsychology and life /
_cZimbardo, Philip G.
942 _2ddc
_cBK
999 _c18645
_d18645